000 00727nam a2200253Ia 4500
003 OSt
005 20220928125845.0
006 a|||||r|||| 00| 0
007 ta
008 220927b |||||||| |||| 00| 0 eng d
020 _c525
024 _a124478
037 _b3291, 26/09/2014, R.K. Book Universal
_cTextual
040 _aSDCL
_cSDCL
_beng
041 _2eng
_aeng
082 _aD6,8(B289U), Q3
100 _aHarwani B.M
_9428090
245 0 _aUnix and shell programming
260 _aUK
_bOxford University Press
_c2013
300 _axviii;701p.
_ccm.
650 _aI I C
942 _hD6,8(B289U), Q3
_cTEXL
_2CC
999 _c784588
_d784588